000 01023nam a22002537a 4500
005 20251108174808.0
008 250721s1996 xx 000 0 ara d
020 _a9960809005
082 1 4 _aم/956.111/عسا
100 1 _aابن عساكر، ثقة الدين أبو القاسم علي بن الحسن بن هبه بن عبد
245 1 0 _aتاريخ مدينة دمشق : و ذكر فضلها و تسمية من حلها من الأماثل أو إجتاز بنواحيها من وارديها و أهلها /
264 1 _aبيروت :
_bدار الفكر،
_c1996.
300 _a80مج.
650 1 7 _aالتاريخ الاسلامي
650 1 7 _aالسيرة النبوية
650 1 7 _aالصحابة و التابعون
650 1 7 _aبلاد الشام
650 1 7 _aتاريخ سورية
650 1 7 _aالتراجم
653 _aتاريخ دمشق
700 1 _aالعمروي، محب الدين ابي سعيد عمر بن غرامة
_eمحقق
942 _2ddc
_cREF
999 _c118232
_d118232